Länder Südosteuropas - Statistiken

Allgemein
  • Dieses Quiz wurde 17 mal gespielt
  • Das Durchschnittsergebnis liegt bei 13 aus 15
Antwortstatistiken
Land % Korrekt
Albanien
100%
Bulgarien
100%
Kosovo
100%
Nordmazedonien
100%
Rumänien
100%
Serbien
100%
Bosnien und Herzegowina
93%
Kroatien
93%
Slowenien
93%
Montenegro
87%
Ungarn
87%
Griechenland
73%
Türkei
60%
Moldau
53%
Zypern
53%
Keine übereinstimmenden Quizze gefunden
Verteilung der Resultate
Anzahl Personen mit jedem Resultat
Perzentil nach korrekt beantworteten Fragen
Ihre Resultats-Entwicklung
Sie haben dieses Quiz noch nicht gespielt